<?xml version="1.0" encoding="UTF-8"?>
<record
    xmlns:xsi="http://www.w3.org/2001/XMLSchema-instance"
    xsi:schemaLocation="http://www.loc.gov/MARC21/slim http://www.loc.gov/standards/marcxml/schema/MARC21slim.xsd"
    xmlns="http://www.loc.gov/MARC21/slim">

  <leader>01654nam a22002177a 4500</leader>
  <controlfield tag="005">20220412143510.0</controlfield>
  <controlfield tag="008">220309b           ||||| |||| 00| 0 eng d</controlfield>
  <datafield tag="020" ind1=" " ind2=" ">
    <subfield code="a">9781446253366</subfield>
  </datafield>
  <datafield tag="040" ind1=" " ind2=" ">
    <subfield code="c">AL</subfield>
  </datafield>
  <datafield tag="041" ind1=" " ind2=" ">
    <subfield code="a">eng</subfield>
  </datafield>
  <datafield tag="082" ind1=" " ind2=" ">
    <subfield code="2">23</subfield>
    <subfield code="a">361.3072</subfield>
    <subfield code="b">DANR</subfield>
  </datafield>
  <datafield tag="100" ind1=" " ind2=" ">
    <subfield code="a">Dee Danchev</subfield>
    <subfield code="9">23108</subfield>
  </datafield>
  <datafield tag="245" ind1=" " ind2=" ">
    <subfield code="a">Research ethics for counsellors, nurses and social workers</subfield>
  </datafield>
  <datafield tag="260" ind1=" " ind2=" ">
    <subfield code="a">London</subfield>
    <subfield code="b">Sage</subfield>
    <subfield code="c">2014</subfield>
  </datafield>
  <datafield tag="300" ind1=" " ind2=" ">
    <subfield code="a">142p.</subfield>
    <subfield code="b">PB</subfield>
    <subfield code="c">24x17cm.</subfield>
  </datafield>
  <datafield tag="365" ind1=" " ind2=" ">
    <subfield code="2">General</subfield>
    <subfield code="a">VBI-1346</subfield>
    <subfield code="b">&#x20B9;2577.30</subfield>
    <subfield code="c">&#x20B9;</subfield>
    <subfield code="d">&#x20B9;3436.40</subfield>
    <subfield code="e">25%</subfield>
    <subfield code="f">21/02/2022</subfield>
  </datafield>
  <datafield tag="520" ind1=" " ind2=" ">
    <subfield code="a">Research Ethics for Counsellors, Nurses &amp; Social Workers is designed to help you make the best start in your research career. With ethical implications and considerations arising at each stage of the research process, engaging with the wide range of issues and ideas can often prove a challenge. Dee Danchev and Alastair Ross will help you overcome this challenge and become confident, skilled researchers by providing you with:-An in-depth explanation of the theoretical base for a range of ethical demands and approaches, equipping you with the tools to make the right decisions for your project.-Key research ethics findings so students can apply the latest thinking to your research practice.Short case examples and checklists to help you apply thory to practice and reflect on what you have learned.Further reading and important resources to support your continued learning.Whether you are an experienced researcher or coming to research for the first time, this highly practical, step by step guide, is a must for your bookshelf.</subfield>
  </datafield>
  <datafield tag="650" ind1=" " ind2=" ">
    <subfield code="a">Social Work</subfield>
    <subfield code="9">23109</subfield>
  </datafield>
  <datafield tag="700" ind1=" " ind2=" ">
    <subfield code="a">Ross, Alistair </subfield>
    <subfield code="9">23110</subfield>
  </datafield>
  <datafield tag="942" ind1=" " ind2=" ">
    <subfield code="2">ddc</subfield>
    <subfield code="c">BK</subfield>
  </datafield>
  <datafield tag="999" ind1=" " ind2=" ">
    <subfield code="c">221764</subfield>
    <subfield code="d">221764</subfield>
  </datafield>
  <datafield tag="952" ind1=" " ind2=" ">
    <subfield code="0">0</subfield>
    <subfield code="1">0</subfield>
    <subfield code="2">ddc</subfield>
    <subfield code="4">0</subfield>
    <subfield code="7">0</subfield>
    <subfield code="8">MSW</subfield>
    <subfield code="a">SACPG</subfield>
    <subfield code="b">SACPG</subfield>
    <subfield code="d">2022-03-05</subfield>
    <subfield code="e">Vidyarthi Books</subfield>
    <subfield code="g">2577.30</subfield>
    <subfield code="l">0</subfield>
    <subfield code="o">361.3072 DANR</subfield>
    <subfield code="p">PG023712</subfield>
    <subfield code="r">2022-08-24 00:00:00</subfield>
    <subfield code="v">3436.40</subfield>
    <subfield code="w">2022-02-21</subfield>
    <subfield code="y">BK</subfield>
  </datafield>
</record>
